Študijné programy Podnikovohospodárskej fakulty so sídlom v Košiciach Ekonomická univerzita v Bratislave 2006/2007

Salvato in:
Dettagli Bibliografici
Ente Autore: Ekonomická univerzita v Bratislave. Podnikovohospodárska fakulta so sídlom v Košiciach
Altri autori: Daňková, Alena, Kordošová, Elena
Natura: Libro
Lingua:slovacco
Pubblicazione: Bratislava Vydavateľstvo EKONÓM 2006
Soggetti:
Tags: Aggiungi Tag
Nessun Tag, puoi essere il primo ad aggiungerne!!

MARC

LEADER 00000nam$a2200000$$$4500
001 0052021
005 20230307090436.5
020 |a 80-225-2210-4 
041 0 |a slo 
044 |a SK 
245 1 0 |a Študijné programy Podnikovohospodárskej fakulty so sídlom v Košiciach  |b Ekonomická univerzita v Bratislave 2006/2007  |c zostavili: Alena Daňková, Elena Kordošová 
264 1 |a Bratislava  |b Vydavateľstvo EKONÓM  |c 2006 
300 |a 86 s. 
610 2 0 |a programy študijné 
610 2 0 |a univerzity 
610 2 0 |a vzdelávanie vysokoškolské 
700 1 |a Daňková, Alena 
700 1 |a Kordošová, Elena 
710 2 |a Ekonomická univerzita v Bratislave. Podnikovohospodárska fakulta so sídlom v Košiciach